000 00670nam a2200241Ia 4500
003 OSt
005 20221005022930.0
006 a|||||r|||| 00| 0
007 ta
008 221004b |||||||| |||| 00| 0 eng d
024 _a5087
037 _bGift, 04/07/2013,
_cTextual
040 _aCRL
_cCRL
_beng
041 _2eng
_aeng
082 _aT4wN78, Q2
100 _aGoswami Sarmistha
_9578851
245 0 _aMirror
260 _aAsom
_bSachibalaya Sarmistha Goswami Memorial Library India
_c2012
300 _a234p.
_ccm.
650 _aEDUCATION
942 _hT4wN78, Q2
_cTEXL
_2cc
999 _c930209
_d930209